| 000 | 00888nam a22002057a 4500 | ||
|---|---|---|---|
| 999 |
_c7956 _d7956 |
||
| 003 | AR-CdUCM | ||
| 008 | 190321b ||||| |||| 00| 0 spa d | ||
| 020 | _a968-18-1943-8 | ||
| 040 |
_aMUNICIPALIDAD PROVINCIAL DEL CUSCO _cBIBLIOTECA MUNICIPAL DEL CUSCO |
||
| 082 |
_a669.9 / _bV48 |
||
| 100 |
_aVerhoeven, John D. _922484 |
||
| 245 | _aFundamentos de metalurgia física / | ||
| 260 |
_aMéxico : _bLimusa, _c1987. |
||
| 300 |
_a591 páginas ; _bIlustraciones, _c22.5 cm. |
||
| 505 | _aDescripción de los cristales metálicos - Determinación de la estructura - Tipos de deformación - Dislocaciones - Formación de vacancias - Difusión - Intercaras - Formas de nucelación - Cinética de la recristalización - Transformaciones martensíticas - Aplicaciones. | ||
| 650 |
_aMetalurgia física _922485 |
||
| 700 |
_aSilva Luna, Osvaldos _922486 |
||
| 942 |
_2ddc _cLIBROS |
||
| 945 | _aacv | ||